000 00751nam a2200265 i 4500
001 C2-0211684
003 PPAK
005 20180728102503.0
008 990324s1998 my a|||| ||||| | may d
020 _a983827156X
040 _aPPAK
_beng
_cPPAK
_erda
082 0 4 _a899.233
_2 23
090 0 0 _a899.233
_bJAY
_dK
100 0 _aJayanthi Josephine,
_eauthor
245 1 0 _aSerigala yang cerdik
264 1 _aKuala Lumpur :
_bPustaka Bakti Wira ,
_c1998
300 _a16 pages :
_bcolour illustrations ;
_c21 cm
336 _2rdacontent
_atext
337 _2rdamedia
_aunmediated
338 _2rdacarrier
_avolume
490 1 _aSiri Bacaan Mega Ria
650 1 0 _aChildren's stories, Malay.
830 0 _aSiri Bacaan Mega Ria
942 _ddc
_cB
999 _c158364
_d158364